000 00429nam a2200181Ia 4500
001 13433
005 20260306164800.0
008 260306t2011||||xx |||||||||||||| ||spa||
041 _aESP
082 _a004.16
_bB25
100 _aBarra Zapata, Omar Enrique
_eAUT
245 0 _aMicrocontroladores PIC con programación PBP
260 _c2011
300 _a
_c
650 _aGEN
654 _aCCC
942 _cLIB
_dJUS
_fJUS
_2ddc
_n
999 _c13433
_d13433